| 000 | 01191nam a2200217Ia 4500 | ||
|---|---|---|---|
| 999 |
_c50351 _d50351 |
||
| 001 | 17292 | ||
| 003 | GE_BSU | ||
| 005 | 20200212135342.0 | ||
| 008 | 181216s1989 xx |||||||||||||| ||geo|| | ||
| 040 | _cGE_BSU | ||
| 041 | _ageo | ||
| 080 | _a331.45(072) მ-50 | ||
| 245 |
_aმეთოდური მითითებები ლაბორატორიული სამუშაოების შესასრულებლად შრომის დაცვაში / _cრედ . ც.არსენიძე ; შედ: ავტორტა ჯგუფის მიერ. |
||
| 250 | _aმე-2 შევს. გამოც. | ||
| 264 |
_aთბილისი : _bპოლიტექნიკური ინსტიტუტი, _c1989. |
||
| 300 |
_a52 გვ. ; _c20 სმ. |
||
| 653 | _aშრომის დაცვის ლაბორატორიული სამუშაოები; შრომის დაცვის მეთოდური სახელმძღვანელოები; | ||
| 653 | _aშრომა | ||
| 700 |
_aარსენიძე, ც _eრედაქტორი _91557 |
||
| 942 |
_cBK _2udc |
||